[Event "25. Open Ciudad de San Fernando 2014"]
[Site "San Fernando ESP"]
[Date "2012.07.16"]
[Round "5.4"]
[White "Diaz Montenegro, Ignacio"]
[Black "Perez Garcia, Roberto"]
[Result "1/2-1/2"]
[WhiteElo "2003"]
[BlackElo "2214"]
[PlyCount "65"]
[EventDate "2012.07.14"]
[EventType "swiss"]
[EventRounds "7"]
[EventCountry "ESP"]
[Source "lmi"]
[SourceDate "2012.07.14"]

1. c4 Nf6 2. Nf3 g6 3. g3 Bg7 4. Bg2 O-O 5. O-O d5 6. cxd5 Nxd5 7. Nc3 Nb6 8.
b3 a5 9. Bb2 a4 10. Nxa4 Nxa4 11. Bxg7 Kxg7 12. bxa4 Bd7 13. Qb3 Ra7 14. Rfc1
Kg8 15. Ne5 Be6 16. Qe3 Rxa4 17. Bxb7 Rxa2 18. Rxa2 Bxa2 19. d3 Be6 20. h4 Kg7
21. Qc5 f6 22. Nf3 c6 23. Nd4 Bg4 24. Bxc6 e5 25. Bf3 Qxd4 26. Qxd4 exd4 27.
Bxg4 f5 28. Bf3 Rf7 29. Rc8 Nd7 30. Kg2 Nf6 31. Rd8 Rd7 32. Rxd7+ Nxd7 33. Bd5
1/2-1/2

[Event "25. Open Ciudad de San Fernando 2014"]
[Site "San Fernando ESP"]
[Date "2012.07.16"]
[Round "5.5"]
[White "Valhondo Morales, Ruben"]
[Black "Rey Garcia, Tomas"]
[Result "1-0"]
[WhiteElo "2085"]
[BlackElo "1987"]
[PlyCount "85"]
[EventDate "2012.07.14"]
[EventType "swiss"]
[EventRounds "7"]
[EventCountry "ESP"]
[Source "lmi"]
[SourceDate "2012.07.14"]

1. e4 c5 2. Nf3 Nc6 3. d4 cxd4 4. Nxd4 e6 5. Nc3 Bb4 6. Nxc6 bxc6 7. Bd3 d5 8.
O-O Ne7 9. Qg4 Bxc3 10. bxc3 O-O 11. Qg3 Qa5 12. Qd6 Re8 13. Qb4 Qxb4 14. cxb4
Rb8 15. a3 e5 16. f4 f6 17. fxe5 fxe5 18. Be3 Rb7 19. Bc5 Be6 20. Rae1 d4 21.
Re2 Ng6 22. g3 h6 23. Kg2 Ra8 24. Ba6 Rd7 25. Rd2 Rb8 26. Rfd1 Rf7 27. Rf2 Rd7
28. a4 Ra8 29. Kf1 Rc7 30. Ke1 Rd7 31. Kd2 Rb8 32. Kc1 Bf7 33. Rdf1 Nh8 34. Kb2
Bg6 35. Rf8+ Rxf8 36. Rxf8+ Kh7 37. Bd3 Nf7 38. Ra8 Ng5 39. Rxa7 Rd8 40. Be7
Rb8 41. Bxg5 hxg5 42. Ka3 Rf8 43. Re7 1-0

[Event "25. Open Ciudad de San Fernando 2014"]
[Site "San Fernando ESP"]
[Date "2012.07.17"]
[Round "6.2"]
[White "Cruz Ravina, Francisco Javier"]
[Black "Valhondo Morales, Ruben"]
[Result "1-0"]
[WhiteElo "2345"]
[BlackElo "2085"]
[PlyCount "79"]
[EventDate "2012.07.14"]
[EventType "swiss"]
[EventRounds "7"]
[EventCountry "ESP"]
[Source "lmi"]
[SourceDate "2012.07.14"]

1. Nf3 e6 2. e4 c5 3. d4 cxd4 4. Nxd4 a6 5. c4 b6 6. a3 Bb7 7. Nc3 d6 8. Be3
Nf6 9. f3 Nbd7 10. Rc1 Be7 11. Be2 O-O 12. O-O Rc8 13. b4 Re8 14. Qd2 Qc7 15.
Rfd1 Qb8 16. Bf1 Bd8 17. Nb3 Ne5 18. Qxd6 Bc7 19. Qd2 Nxc4 20. Bxc4 Bxh2+ 21.
Kh1 Rxc4 22. Qd3 Rcc8 23. Bxb6 Qf4 24. Ne2 Qh6 25. Rxc8 Bc7+ 26. Kg1 Bxb6+ 27.
Rc5 g5 28. Qe3 Qg6 29. Kf1 Bxc5 30. Nxc5 Bc8 31. Nc3 h5 32. e5 Nd5 33. Nxd5
exd5 34. Rxd5 Qb1+ 35. Kf2 f6 36. Ne4 Kf7 37. exf6 Be6 38. Rxg5 Rd8 39. Rg7+
Kf8 40. Qc5+ 1-0

[Event "25. Open Ciudad de San Fernando 2014"]
[Site "San Fernando ESP"]
[Date "2012.07.17"]
[Round "6.3"]
[White "Perez Garcia, Roberto"]
[Black "Roman Sanchez, Jesus Maria"]
[Result "1/2-1/2"]
[WhiteElo "2214"]
[BlackElo "2054"]
[PlyCount "84"]
[EventDate "2012.07.14"]
[EventType "swiss"]
[EventRounds "7"]
[EventCountry "ESP"]
[Source "lmi"]
[SourceDate "2012.07.14"]

1. e4 e6 2. d4 d5 3. Nc3 dxe4 4. Nxe4 b6 5. Nf3 Bb7 6. Bd3 Be7 7. O-O Nf6 8.
Qe2 Nxe4 9. Bxe4 Bxe4 10. Qxe4 Qd5 11. Qe2 O-O 12. c4 Qd6 13. Qe4 Nc6 14. Bf4
Qd7 15. d5 exd5 16. cxd5 Nb4 17. Rfd1 Bd6 18. Bxd6 Qxd6 19. a3 Na6 20. b4 Rad8
21. h4 Rfe8 22. Qc4 Nb8 23. Rac1 Re7 24. g3 Red7 25. Ng5 Qg6 26. b5 h6 27. Ne4
Qf5 28. Nc3 Re8 29. Kg2 Rde7 30. Rd4 g5 31. hxg5 hxg5 32. Rh1 Nd7 33. d6 cxd6
34. Rxd6 Ne5 35. Qe4 Qxe4+ 36. Nxe4 Ng4 37. Nc3 Re6 38. Rhd1 Nf6 39. Rxe6 Rxe6
40. Nd5 Kg7 41. Nxf6 Kxf6 42. Rd7 Re7 1/2-1/2

[Event "25. Open Ciudad de San Fernando 2014"]
[Site "San Fernando ESP"]
[Date "2012.07.17"]
[Round "6.4"]
[White "Montero Campuzano, Rafael"]
[Black "Macias Roman, Fco  Javier"]
[Result "1-0"]
[WhiteElo "2083"]
[BlackElo "1953"]
[PlyCount "59"]
[EventDate "2012.07.14"]
[EventType "swiss"]
[EventRounds "7"]
[EventCountry "ESP"]
[Source "lmi"]
[SourceDate "2012.07.14"]

1. c4 e5 2. g3 Nf6 3. Bg2 Nc6 4. Nc3 Bb4 5. Nd5 Nxd5 6. cxd5 Ne7 7. Nf3 d6 8.
Qa4+ Bd7 9. Qxb4 Nxd5 10. Qxb7 c6 11. Qb3 O-O 12. O-O Rb8 13. Qd1 f5 14. d3 f4
15. Nd2 Ne7 16. b3 Rf6 17. Ne4 Rg6 18. gxf4 Nf5 19. fxe5 Nh4 20. Ng3 Nxg2 21.
Kxg2 Qh4 22. Kh1 Bh3 23. Rg1 Rf8 24. Qc2 d5 25. Be3 Kh8 26. Qc5 Rf7 27. a4 Re6
28. a5 Rxe5 29. Qd6 Re8 30. Ra4 1-0

[Event "25. Open Ciudad de San Fernando 2014"]
[Site "San Fernando ESP"]
[Date "2012.07.17"]
[Round "6.5"]
[White "Fuertes Romo, Jose Manuel"]
[Black "Cebada Benitez, Fernando"]
[Result "1-0"]
[WhiteElo "2023"]
[BlackElo "1951"]
[PlyCount "69"]
[EventDate "2012.07.14"]
[EventType "swiss"]
[EventRounds "7"]
[EventCountry "ESP"]
[Source "lmi"]
[SourceDate "2012.07.14"]

1. d4 Nf6 2. c4 e6 3. Nc3 Bb4 4. Qc2 c5 5. dxc5 Bxc5 6. Nf3 Nc6 7. a3 O-O 8. b4
Nd4 9. Qd1 Nxf3+ 10. gxf3 Be7 11. Bb2 a5 12. b5 b6 13. e3 Bb7 14. Rg1 Qc7 15.
f4 Rfd8 16. Rc1 Rac8 17. Bd3 g6 18. h4 h5 19. Bxg6 fxg6 20. Qd3 d6 21. Qxg6+
Kf8 22. Ne2 e5 23. Rg5 Be4 24. Qg7+ Ke8 25. fxe5 Nh7 26. Rxh5 Bf8 27. Qg4 Qf7
28. Qxe4 Qxh5 29. exd6+ Kd7 30. Nf4 Qf7 31. Nd5 Bxd6 32. Nxb6+ Kc7 33. Qc6+ Kb8
34. Qa8+ Kc7 35. Qa7# 1-0

[Event "25. Open Ciudad de San Fernando 2014"]
[Site "San Fernando ESP"]
[Date "2012.07.18"]
[Round "7.1"]
[White "Cruz Ravina, Francisco Javier"]
[Black "Campos Gambuti, Luis Maria"]
[Result "1/2-1/2"]
[WhiteElo "2345"]
[BlackElo "2465"]
[PlyCount "23"]
[EventDate "2012.07.14"]
[EventType "swiss"]
[EventRounds "7"]
[EventCountry "ESP"]
[Source "lmi"]
[SourceDate "2012.07.14"]

1. e4 c5 2. Nf3 d6 3. d4 cxd4 4. Qxd4 a6 5. Be3 Nc6 6. Qb6 Qxb6 7. Bxb6 Bg4 8.
Be2 Rc8 9. Nc3 g6 10. O-O-O Bh6+ 11. Kb1 Nf6 12. Rhe1 1/2-1/2

[Event "25. Open Ciudad de San Fernando 2014"]
[Site "San Fernando ESP"]
[Date "2012.07.18"]
[Round "7.2"]
[White "Garrido Dominguez, Jesus"]
[Black "Montero Campuzano, Rafael"]
[Result "1-0"]
[WhiteElo "2380"]
[BlackElo "2083"]
[PlyCount "51"]
[EventDate "2012.07.14"]
[EventType "swiss"]
[EventRounds "7"]
[EventCountry "ESP"]
[Source "lmi"]
[SourceDate "2012.07.14"]

1. e4 c5 2. Nf3 d6 3. d4 cxd4 4. Nxd4 Nf6 5. Nc3 a6 6. h3 e5 7. Nde2 Be7 8. g4
h6 9. Bg2 Be6 10. Ng3 g6 11. Be3 Nc6 12. Nd5 Nd7 13. Nxe7 Qxe7 14. Qd2 O-O-O
15. b3 h5 16. gxh5 f5 17. Bg5 Nf6 18. hxg6 f4 19. Nf5 Bxf5 20. exf5 Rh5 21. h4
e4 22. Qxf4 Nd4 23. Kf1 d5 24. Rh3 Qc5 25. Bxf6 Rxf5 26. Qxf5+ 1-0

[Event "25. Open Ciudad de San Fernando 2014"]
[Site "San Fernando ESP"]
[Date "2012.07.18"]
[Round "7.3"]
[White "Roman Sanchez, Jesus Maria"]
[Black "Fuertes Romo, Jose Manuel"]
[Result "1/2-1/2"]
[WhiteElo "2054"]
[BlackElo "2023"]
[PlyCount "62"]
[EventDate "2012.07.14"]
[EventType "swiss"]
[EventRounds "7"]
[EventCountry "ESP"]
[Source "lmi"]
[SourceDate "2012.07.14"]

1. Nf3 Nf6 2. d4 d5 3. c4 e6 4. e3 Be7 5. Nbd2 O-O 6. Be2 b6 7. O-O Bb7 8. b3
Nbd7 9. Bb2 Rc8 10. Rc1 c5 11. Bd3 Rc7 12. Qe2 Qa8 13. cxd5 Nxd5 14. a3 Rfc8
15. Ba6 cxd4 16. Bxb7 Qxb7 17. Nxd4 Rxc1 18. Rxc1 Rxc1+ 19. Bxc1 Qc7 20. Qc4
Ne5 21. Qxc7 Nxc7 22. b4 Nd3 23. N2b3 Nxc1 24. Nxc1 a5 25. bxa5 bxa5 26. a4 Nd5
27. Nc6 Bf6 28. Nxa5 Nb6 29. Nd3 Nxa4 30. Nc4 Nc3 31. f3 Nd5 1/2-1/2

[Event "25. Open Ciudad de San Fernando 2014"]
[Site "San Fernando ESP"]
[Date "2012.07.18"]
[Round "7.4"]
[White "Garcia Del Campo, Efren"]
[Black "Perez Garcia, Roberto"]
[Result "1-0"]
[WhiteElo "1936"]
[BlackElo "2214"]
[PlyCount "49"]
[EventDate "2012.07.14"]
[EventType "swiss"]
[EventRounds "7"]
[EventCountry "ESP"]
[Source "lmi"]
[SourceDate "2012.07.14"]

1. e4 c5 2. Nf3 Nc6 3. d4 cxd4 4. Nxd4 Qb6 5. Nb3 e6 6. Nc3 Nf6 7. Be3 Qc7 8.
f4 d6 9. Qf3 a6 10. Bd3 Nb4 11. O-O Nxd3 12. cxd3 Be7 13. Rac1 Qb8 14. Na4 Nd7
15. Nb6 Nxb6 16. Bxb6 O-O 17. Qg3 f6 18. Rc7 Re8 19. e5 dxe5 20. fxe5 f5 21.
Rfc1 Bf8 22. Qg5 Kh8 23. Rf7 Qxe5 24. Rxf8+ Rxf8 25. Bd4 1-0

[Event "25. Open Ciudad de San Fernando 2014"]
[Site "San Fernando ESP"]
[Date "2012.07.18"]
[Round "7.5"]
[White "Valhondo Morales, Ruben"]
[Black "Diaz Montenegro, Ignacio"]
[Result "1-0"]
[WhiteElo "2085"]
[BlackElo "2003"]
[PlyCount "31"]
[EventDate "2012.07.14"]
[EventType "swiss"]
[EventRounds "7"]
[EventCountry "ESP"]
[Source "lmi"]
[SourceDate "2012.07.14"]

1. e4 c6 2. d4 d5 3. e5 Bf5 4. h4 h5 5. c4 e6 6. Nc3 Nd7 7. Nge2 Be7 8. Nf4 Nh6
9. Nxh5 Kf8 10. g3 dxc4 11. Bxc4 Nb6 12. Be2 Nd5 13. Nxd5 Qxd5 14. O-O Bh3 15.
Nf4 Qd8 16. Nxh3 1-0